Záhada stonajúcej jaskyne (Record no. 22535)
[ view plain ]
| 000 -LEADER | |
|---|---|
| fixed length control field | 01557cam a2200457 a 4500 |
| 001 - CONTROL NUMBER | |
| control field | 22535 |
| 003 - CONTROL NUMBER IDENTIFIER | |
| control field | SK-KTurca |
| 005 - DATE AND TIME OF LATEST TRANSACTION | |
| control field | 20260331160036.0 |
| 008 - FIXED-LENGTH DATA ELEMENTS--GENERAL INFORMATION | |
| fixed length control field | 240226s2003 xo j 000 f slo |
| 015 ## - NATIONAL BIBLIOGRAPHY NUMBER | |
| National bibliography number | SNBA2003/11-04280 |
| 020 ## - INTERNATIONAL STANDARD BOOK NUMBER | |
| International Standard Book Number | 8010002437 |
| Qualifying information | (viaz.) |
| 035 ## - SYSTEM CONTROL NUMBER | |
| System control number | SNK000416052 |
| 035 ## - SYSTEM CONTROL NUMBER | |
| System control number | urn:nbn:sk:snk-amjdjp |
| 035 ## - SYSTEM CONTROL NUMBER | |
| System control number | urn:nbn:sk:snk-am002ou2 |
| 035 ## - SYSTEM CONTROL NUMBER | |
| System control number | 35397D8C-CFC0-453C-9A21-0D5C9ABDC11D |
| 040 ## - CATALOGING SOURCE | |
| Original cataloging agency | SNK |
| Language of cataloging | slo |
| Transcribing agency | SNK |
| Description conventions | AACR2 |
| 041 1# - LANGUAGE CODE | |
| Language code of text/sound track or separate title | slo |
| Language code of original | eng |
| 044 ## - COUNTRY OF PUBLISHING/PRODUCING ENTITY CODE | |
| MARC country code | xo |
| ISO country code | SK |
| 072 #7 - SUBJECT CATEGORY CODE | |
| Subject category code | 821.111-3 |
| Subject category code subdivision | Anglická próza, anglicky písaná |
| Source | konspekt |
| 080 ## - UNIVERSAL DECIMAL CLASSIFICATION NUMBER | |
| Universal Decimal Classification number | 821.111 (73)-3 |
| Edition identifier | 1981 |
| 080 ## - UNIVERSAL DECIMAL CLASSIFICATION NUMBER | |
| Universal Decimal Classification number | 821.111(73)-31 |
| Edition identifier | 1981 |
| 080 ## - UNIVERSAL DECIMAL CLASSIFICATION NUMBER | |
| Universal Decimal Classification number | (0:82-312.4) |
| Edition identifier | 1981 |
| 080 ## - UNIVERSAL DECIMAL CLASSIFICATION NUMBER | |
| Universal Decimal Classification number | (0:82-311.3) |
| Edition identifier | 1981 |
| 100 1# - MAIN ENTRY--PERSONAL NAME | |
| Personal name | Arden, William, |
| Dates associated with a name | 1924-2005 |
| Relationship | aut |
| 240 14 - UNIFORM TITLE | |
| Uniform title | The three investigators in the mystery of the moaning cave |
| Language of a work | Slovensky |
| 245 10 - TITLE STATEMENT | |
| Title | Záhada stonajúcej jaskyne |
| Statement of responsibility, etc. | William Arden, podľa postáv Roberta Arthura ; [z anglického originálu preložil Alojz Keníž] |
| 250 ## - EDITION STATEMENT | |
| Edition statement | 1. vyd. |
| 260 ## - PUBLICATION, DISTRIBUTION, ETC. | |
| Place of publication, distribution, etc. | Bratislava |
| Name of publisher, distributor, etc. | Mladé letá |
| Date of publication, distribution, etc. | 2003 |
| 300 ## - PHYSICAL DESCRIPTION | |
| Extent | 108 s. |
| Dimensions | 21 cm |
| 490 1# - SERIES STATEMENT | |
| Series statement | Traja pátrači |
| Volume/sequential designation | 44 |
| 500 ## - GENERAL NOTE | |
| General note | Výslovnosť cudzích mien a názvov |
| 521 1# - TARGET AUDIENCE NOTE | |
| Target audience note | Pre čitateľov od 9 rokov |
| 655 #7 - INDEX TERM--GENRE/FORM | |
| Genre/form data or focus term | americké romány |
| Source of term | SNKPH |
| 655 #7 - INDEX TERM--GENRE/FORM | |
| Genre/form data or focus term | detektívne romány |
| Source of term | SNKPH |
| 655 #7 - INDEX TERM--GENRE/FORM | |
| Genre/form data or focus term | dobrodružné romány |
| Source of term | SNKPH |
| 655 #7 - INDEX TERM--GENRE/FORM | |
| Genre/form data or focus term | publikácie pre deti a mládež |
| Source of term | SNKPH |
| 700 1# - ADDED ENTRY--PERSONAL NAME | |
| Personal name | Arthur, Robert, |
| Dates associated with a name | 1909-1969 |
| Relationship | aut |
| 700 1# - ADDED ENTRY--PERSONAL NAME | |
| Personal name | Keníž, Alojz, |
| Dates associated with a name | 1952- |
| Relationship | trl |
| 830 #0 - SERIES ADDED ENTRY--UNIFORM TITLE | |
| Uniform title | Traja pátrači |
| 942 ## - ADDED ENTRY ELEMENTS (KOHA) | |
| Source of classification or shelving scheme | Dewey Decimal Classification |
| Koha item type | Krásna literatúra pre dospelých |
| Suppress in OPAC | No |
| Stav vyradenia | Strata | Poškodenie | Spôsob nadobudnutia | Domovská knižnica | Aktuálna knižnica | Dátum nadobudnutia | Cena | Total checkouts | Čiarový kód exemplára | Date last seen | Typ exemplára |
|---|---|---|---|---|---|---|---|---|---|---|---|
| Kúpa | Obecná knižnica Horná Štubňa | Obecná knižnica Horná Štubňa | 31.03.2026 | 1.00 | 9788010002436 | 31.03.2026 | Krásna literatúra pre deti |
